<?xml version="1.0" encoding="UTF-8"?>
<record
    xmlns:xsi="http://www.w3.org/2001/XMLSchema-instance"
    xsi:schemaLocation="http://www.loc.gov/MARC21/slim http://www.loc.gov/standards/marcxml/schema/MARC21slim.xsd"
    xmlns="http://www.loc.gov/MARC21/slim">

  <leader>02213nam a22002297a 4500</leader>
  <controlfield tag="005">20260129095643.0</controlfield>
  <controlfield tag="008">230619b           ||||| |||| 00| 0 eng d</controlfield>
  <datafield tag="020" ind1=" " ind2=" ">
    <subfield code="a">0435912054</subfield>
  </datafield>
  <datafield tag="040" ind1=" " ind2=" ">
    <subfield code="c">AL</subfield>
  </datafield>
  <datafield tag="041" ind1=" " ind2=" ">
    <subfield code="a">eng</subfield>
  </datafield>
  <datafield tag="082" ind1=" " ind2=" ">
    <subfield code="2">23</subfield>
    <subfield code="a">823.91</subfield>
    <subfield code="b">CHIC</subfield>
  </datafield>
  <datafield tag="100" ind1=" " ind2=" ">
    <subfield code="a">Shimmer Chinodya</subfield>
    <subfield code="9">253052</subfield>
  </datafield>
  <datafield tag="245" ind1=" " ind2=" ">
    <subfield code="a">Can we talk and other stories</subfield>
  </datafield>
  <datafield tag="260" ind1=" " ind2=" ">
    <subfield code="a">USA</subfield>
    <subfield code="b">Heinemann Educational Publishers</subfield>
    <subfield code="c">2001</subfield>
  </datafield>
  <datafield tag="300" ind1=" " ind2=" ">
    <subfield code="a">154p</subfield>
    <subfield code="b">PB</subfield>
    <subfield code="c">20x13cm</subfield>
  </datafield>
  <datafield tag="365" ind1=" " ind2=" ">
    <subfield code="2">English</subfield>
    <subfield code="b">195.00</subfield>
    <subfield code="c">&#x20B9;</subfield>
    <subfield code="d">195.00</subfield>
  </datafield>
  <datafield tag="440" ind1=" " ind2=" ">
    <subfield code="a">American Writers Series</subfield>
    <subfield code="9">124348</subfield>
  </datafield>
  <datafield tag="520" ind1=" " ind2=" ">
    <subfield code="a">Shimmer Chinodya, winner of the 1989 Commonwealth Writers Prize (Africa region) is one of Zimbabwe's foremost fiction writers. This collection of short stories reveals his development as a writer of passionate questioning integrity.
The first stories, 'Hoffman Street' and 'The Man who Hanged Himself' capture the bewildered innocence of a child's view of the adult world, where behaviour is often puzzling and contradictory; stories such as 'Going to See Mr B.V.' provide the transition between the world of the adult and that of the child where the latter is required to act for himself in a situation where illusions founder on a narrow reality. 'Among the Dead' and 'Brothers and Sisters' look wryly at the self-conscious, self-centred, desperately serious world of young adulthood while 'Playing your Cards', 'The Waterfall', 'Strays' and 'Bramson' introduce characters for whom ambition, disillusion, and disappointment jostle for attention in a world where differences of class, culture, race and morality come to the fore. Finally, in 'Can we Talk' we conclude with an abrasive, lucid, sinewy voice which explores the nature of estrangement. The charge is desolation. Can we Talk and Other Stories speaks of the unspoken and unsaid. The child who watches but does not understand, the young man who observes but cannot participate, the man who stands outside not sure where his desires and ambitions lead, the older man, estranged by his own choices. 'Can we Talk' is not a question but a statement that insists on being heard, and demands a reassessment of our dreams.</subfield>
  </datafield>
  <datafield tag="650" ind1=" " ind2=" ">
    <subfield code="a">English Fiction</subfield>
    <subfield code="9">124288</subfield>
  </datafield>
  <datafield tag="650" ind1=" " ind2=" ">
    <subfield code="a">English Literature</subfield>
    <subfield code="9">124289</subfield>
  </datafield>
  <datafield tag="942" ind1=" " ind2=" ">
    <subfield code="2">ddc</subfield>
    <subfield code="c">DB</subfield>
  </datafield>
  <datafield tag="999" ind1=" " ind2=" ">
    <subfield code="c">227576</subfield>
    <subfield code="d">227576</subfield>
  </datafield>
  <datafield tag="952" ind1=" " ind2=" ">
    <subfield code="0">0</subfield>
    <subfield code="1">0</subfield>
    <subfield code="2">ddc</subfield>
    <subfield code="4">0</subfield>
    <subfield code="7">0</subfield>
    <subfield code="8">ENG</subfield>
    <subfield code="a">AL</subfield>
    <subfield code="b">AL</subfield>
    <subfield code="d">2023-06-17</subfield>
    <subfield code="l">0</subfield>
    <subfield code="o">823.91 CHIC</subfield>
    <subfield code="p">D05919</subfield>
    <subfield code="r">2023-06-19 00:00:00</subfield>
    <subfield code="w">2023-06-19</subfield>
    <subfield code="y">DB</subfield>
  </datafield>
</record>
